1901 1783 1260 1951 1697 1313 1836 1745 1282 1598 1523 1705 1529 1816 1481 1825 1756 1106 1451 1839 1407 1410 1804 1550 1558 1349 1491 1305 1458 1231 1255 1320 1663 1027 1483 1261 1017 1133 1827 1908 1831 1465 1311 1341 1890 1707 1628 1156 1453 1403 1050 1827 1336 1889 1644 1547 1052 1797 1781 1131 1711 1816 1865 1629 1157 1254 1697 1274 1042 1194 1958 1161 1753 1373 1097 1204 1342 1146 1993 1526 1807 1357 1862 1536 1793 1590 1471 1761 1710 1757 1638 1615 1981 1187 1537 1123 1494 1847 1111 BCNSPRNW ULIB Ver.6.0+V

เปลี่ยนเป็นภาษาไทย

Change to English
 แสดงรายละเอียดบรรณานุกรม
  กลับหน้าหลัก

Brief Record : Get Marc (ISO 2709) : E-mail record : QR code < ปิดหน้าต่าง
LEADER : 00000nam a2200000 a 4500
001    13399113749
003     ULIB
008    030917s2011 us a 001 0 eng d
020    ^a9780470646083 (V.1)
060 04 ^aQS4^bT712p
100 1  ^aTortora, Gerard J.
245 10 ^aPrinciples of anatomy and physiology /^cGerard J. Tortora,
250    ^a13th ed.
260    ^aNew York :^bWiley,^c2011
300    ^a727, [index 132] p. :^bcol. ill. ;^c29 cm. +^e1 computer
500    ^aVol.1- Organization, Support and Movement, and control Systems of the Human body.
504    ^aInternational student Version
650  2 ^aAnatomy
650  2 ^aPhysiology
700 1  ^aGrabowski, Sandra Reynolds
945    ^p0^l0^i030858
995    ^a Kesorn
999 ^a ใช้งานได้ทุกระบบ
รายการนี้ยังไม่มีแท็ก
คุณยังไม่ได้ล็อกอิน คุณสามารถมีกิจกรรมร่วมกับเว็บไซต์ได้ แต่ต้องล็อกอินก่อน ::
  ล็อกอิน

รายการสื่อสารสนเทศ

ลำดับที่ ประเภท เลขเรียก/บาร์โค้ด สถานที่ สถานะ
1. วิทยาศาสตร์การแพทย์ และสุขภาพ
วิทยาศาสตร์การแพทย์ และสุขภาพ
QS4 T712p ฉ.1 
  Barcode: 030858
ห้องสมุดวิทยาเขตนครสวรรค์
►หนังสือทั่วไป:l:General Books
บนชั้น

รายการใกล้เคียง
    ผู้แต่ง [Tortora, Gerard J.]

    หัวเรื่อง [Anatomy]
    หัวเรื่อง [Physiology]

BibComment


ยังไม่เคยถูกคอมเมนท์

คอมเมนท์ทรัพยากรรายการนี้
  คอมเมนท์: Principles of an..


 Copyright 2026. Bcnsprnw @Library